[Event "Swedish Elitserien 2021-22"]
[Site "Sodertalje"]
[Date "2022.05.14"]
[Round "8.22"]
[White "Grandell, Anders"]
[Black "Trost, Edvin"]
[Result "0-1"]
[WhiteElo "2275"]
[BlackElo "2366"]
[Annotator "TA"]
[PlyCount "90"]
[EventDate "2022.05.13"]
[EventType "team-tourn"]
[EventCountry "SWE"]
[SourceTitle "playchess.com"]
[Source "ChessBase"]
[SourceQuality "1"]

{[%evp 9,90,-12,0,0,-4,-29,-10,-60,-64,-76,-59,-93,-93,-105,-91,-85,-22,0,0,-107,-119,-145,-84,-81,-90,-91,-61,-59,0,-79,-91,-99,-75,-81,-28,-35,-34,-25,-40,-28,-44,-42,-31,-23,-6,-16,0,0,0,0,0,0,0,0,0,0,0,0,0,0,0,0,0,0,-8,-316,-57,-72,-16,-674,-651,-29993,-487,-29983,-29984,-29984,-29985,-29985,-29986,-29997,-29995,-29998,-29999]} 1. d4 {[%emt 0:00:01]} d5 {[%emt 0:00:24]} 2. c4 {[%emt 0:00:04]} c6 {[%emt 0:00:05]} 3. Nc3 {[%emt 0:00:09]} dxc4 {[%emt 0:00:59]} 4. g3 {[%emt 0:02:16]} Nf6 {[%emt 0:13:44]} 5. Bg2 {[%emt 0:02:02]} Bf5 {[%emt 0:02:02]} 6. e4 {[%emt 0:01:20] D10: Slav Defence: 3 cxd5 (without early Nf3) and 3 Nc3.} Bg6 {[%emt 0:00:10][%cal Oe7e5] [#]} 7. h4 $146 {[%emt 0:04:40]} ({Predecessor:} 7. f4 e6 8. Nge2 Bb4 9. O-O O-O 10. h3 h6 11. Be3 Nbd7 12. g4 Nb6 13. a3 {1-0 (50) Andreev,V (2060)-Nowak,I (2112) LSS email 2016}) 7... h6 {[%emt 0:03:33][%cal Oe7e5]} 8. Nh3 {[%emt 0:02:21]} ({White should play} 8. Bf4 $11) 8... e5 $15 {[%emt 0:05:03]} 9. Be3 {[%emt 0:17:41]} Bb4 {[%emt 0:03:39]} 10. f3 {[%emt 0:03:51]} Nbd7 {[%emt 0:00:53]} 11. O-O {[%emt 0:01:49]} exd4 {[%emt 0:02:51]} 12. Bxd4 {[%emt 0:00:23]} Nc5 {[%emt 0:00:30]} (12... Bc5 $17) 13. Ne2 $11 {[%emt 0:13:46] Strongly threatening a3.} Ne6 {[%emt 0:23:57]} 14. Bc3 {[%emt 0:03:17]} (14. Bf2 $1 $11) 14... Qb6+ {[%emt 0:03:15]} 15. Kh1 {[%emt 0:01:24]} Rd8 {[%emt 0:02:53]} (15... Bxc3 $142 16. bxc3 O-O) 16. Qe1 $17 {[%emt 0:02:58]} Bxc3 {[%emt 0:04:23] Black is much more active.} 17. Qxc3 {[%emt 0:00:19]} Qc5 {[%emt 0:00:27]} 18. Nhf4 {[%emt 0:03:49]} O-O {[%emt 0:00:33]} (18... Nxf4 $15 19. Nxf4 O-O) 19. Nxe6 {[%emt 0:00:55]} (19. Nxg6 $11 {keeps the balance.} fxg6 20. b4) 19... fxe6 {[%emt 0:00:19]} 20. b4 {[%emt 0:00:35]} Qe7 {[%emt 0:04:43]} 21. Qxc4 {[%emt 0:01:45]} Bf7 {[%emt 0:00:01]} (21... Nh5 $17 {White must now prevent ...Rd2.} 22. Kg1 (22. Bh3 Rd2 $19) 22... Rd2) 22. Qc3 $11 {[%emt 0:02:35] Inhibits Rd2.} e5 {[%emt 0:00:28]} 23. a4 {[%emt 0:02:09]} b5 {[%emt 0:03:10]} 24. axb5 {[%emt 0:01:54]} cxb5 {[%emt 0:00:36]} 25. Rfd1 {[%emt 0:05:24]} Bc4 {[%emt 0:01:43]} 26. Ng1 {[%emt 0:00:28]} Nh5 {[%emt 0:02:14]} 27. Kh2 {[%emt 0:01:22]} Kh7 {[%emt 0:04:11]} 28. Bh3 {[%emt 0:03:11][%cal Bg2h3,Bh3g4,Bg4f5][%mdl 32]} Rd6 {[%emt 0:03:28]} 29. Bg4 {[%emt 0:09:25]} Nf6 {[%emt 0:01:58] aiming for ...Rxd1.} 30. Bf5+ {[%emt 0:00:06]} Kh8 {[%emt 0:00:12]} 31. Rxd6 {[%emt 0:02:45]} Qxd6 {[%emt 0:00:01]} 32. Nh3 {[%emt 0:01:03]} a6 {[%emt 0:00:28]} 33. Nf2 {[%emt 0:00:30]} Nd5 {[%emt 0:06:44]} 34. exd5 {[%emt 0:06:06]} Rxf5 35. Ne4 {[%emt 0:03:13]} Qxd5 {[%emt 0:00:21]} 36. Rxa6 {[%emt 0:00:15]} Qd1 {[%emt 0:01:58]} 37. Nd2 $2 {[%emt 0:01:06][%mdl 8192]} (37. Ra8+ $11 Kh7 38. Ra3) 37... Qe2+ $2 {[%emt 0:01:32]} (37... Qe1 $19 {...Qf2+ is the strong threat.} 38. Rd6 Qf2+ 39. Kh3 h5) 38. Kh3 $15 {[%emt 0:00:08] [#]} Rf8 {[%emt 0:02:43] Inhibits Ra8.} (38... h5 $1 $17 {And now ...Qf2 would win.} 39. Ra8+ Kh7) 39. Rd6 $2 {[%emt 0:01:14][%mdl 8192]} (39. Nxc4 $11 bxc4 40. Re6) 39... Qe1 $19 {[%emt 0:01:24] Hoping for ...h5.} 40. Kg4 {[%emt 0:01:25]} Rc8 {[%emt 0:02:19]} (40... h5+ $142 41. Kxh5 Qxg3 42. Qc2 Bf7+ 43. Qg6 Bxg6+ 44. Rxg6 Rf5+ 45. Rg5 {[#]} Kh7 $1 46. Rxf5 g6#) 41. Qa3 {[%emt 0:06:28]} (41. Rd5 $19 e4 42. Nxe4 Qxc3 43. Nxc3 Bxd5 44. Nxd5) 41... h5+ $1 {[%emt 0:08:46] Black mates.} 42. Kxh5 {[%emt 0:00:18]} Qxg3 {[%emt 0:01:00]} 43. Nxc4 {[%emt 0:08:51]} Rxc4 {[%emt 0:00:39][%csl Gg3][%cal Rc4h4]} 44. Rd8+ {[%emt 0:00:09]} Kh7 {[%emt 0:00:01][%csl Gg3][%cal Rc4h4]} 45. Qd3+ {[%emt 0:01:13]} g6+ {[%emt 0:00:09] Weighted Error Value: White=0.69/Black=0.38} 0-1

[Event "Swedish Elitserien 2021-22"]
[Site "Sodertalje"]
[Date "2022.05.14"]
[Round "8.23"]
[White "Kenneskog, Theodor"]
[Black "Bellon Lopez, Juan Manuel"]
[Result "1-0"]
[WhiteElo "2296"]
[BlackElo "2321"]
[Annotator "TA"]
[PlyCount "73"]
[EventDate "2022.05.13"]
[EventType "team-tourn"]
[EventCountry "SWE"]
[SourceTitle "playchess.com"]
[Source "ChessBase"]
[SourceQuality "1"]

{[%evp 15,73,49,63,50,56,33,52,67,89,58,66,59,39,38,63,50,72,81,73,76,119,100,173,173,178,170,184,160,163,166,203,199,277,243,344,249,254,262,335,333,416,407,506,437,620,608,605,620,743,694,751,733,679,614,1722,1577,29976,29977,5743,5635]} 1. e4 {[%emt 0:00:02]} c5 {[%emt 0:00:11]} 2. Nf3 {[%emt 0:00:04]} Nc6 {[%emt 0:00:17]} 3. d4 {[%emt 0:00:07]} cxd4 {[%emt 0:00:19]} 4. Nxd4 {[%emt 0:00:04]} g6 {[%emt 0:00:10]} 5. c4 {[%emt 0:00:15]} Bg7 {[%emt 0:00:05]} 6. Be3 {[%emt 0:00:07]} Nf6 {[%emt 0:00:05]} 7. Nc3 {[%emt 0:00:11]} O-O {[%emt 0:00:09]} 8. Be2 {[%emt 0:01:24]} b6 {[%emt 0:00:07]} 9. h4 {[%emt 0:07:45][%cal Bh2h4,Bh4h5,Bh5h6][%mdl 32] B38: Sicilian: Maroczy Bind with 5...Bg7 and 7...0-0.} Bb7 {[%emt 0:00:38]} 10. h5 $1 {[%emt 0:01:02]} Nxd4 {[%emt 0:03:13]} ({Less strong is} 10... gxh5 11. Nf5 $16) 11. Bxd4 {[%emt 0:00:06] [#] White is slightly better.} d6 $146 {[%emt 0:06:00]} (11... gxh5 $2 12. e5 Ng4 13. Rxh5 $18 (13. Bxg4 hxg4 14. Qxg4 f6 $18)) (11... Nxe4 $2 12. Bxg7 Kxg7 13. Nxe4 $18) ({Predecessor:} 11... e5 12. h6 Bh8 13. Bxe5 Re8 14. Bd4 Nxe4 15. Bxh8 Kxh8 16. Nxe4 Rxe4 17. O-O Rh4 {0-1 (40) Martorelli,A (2234)-Ronchetti,N (2416) Spoleto 2011}) 12. Qd3 {[%emt 0:02:34]} Qc8 {[%emt 0:05:07]} 13. h6 {[%emt 0:08:28]} Bh8 {[%emt 0:00:11]} 14. Nd5 {[%emt 0:00:36]} Bxd5 {[%emt 0:04:57]} 15. exd5 {[%emt 0:01:29]} e5 {[%emt 0:04:47]} 16. dxe6 $1 {[%emt 0:05:14] White is more active. White now steadily converts the win.} Qxe6 {[%emt 0:01:07]} 17. O-O {[%emt 0:03:38]} Rac8 {[%emt 0:08:48]} 18. Rfe1 {[%emt 0:11:23]} Nd7 {[%emt 0:08:50]} (18... Rce8 $16 {was worth a try.}) 19. Bxh8 $18 {[%emt 0:14:09]} Kxh8 {[%emt 0:00:04]} 20. Rad1 {[%emt 0:07:03][%cal Ba1d1,Bd1d6,Bd6d7][%mdl 32]} Ne5 {[%emt 0:07:03]} 21. Qxd6 {[%emt 0:00:41]} Qxd6 {[%emt 0:01:46]} 22. Rxd6 {[%emt 0:00:03]} Rfe8 {[%emt 0:17:38] [#]} 23. Kf1 $1 {[%emt 0:03:27][%cal Oc4c5] And now c5! would win.} f5 {[%emt 0:01:44]} (23... Rc6 $142 24. Red1 Rxd6 25. Rxd6 g5) 24. b3 {[%emt 0:06:42]} Kg8 {[%emt 0:05:00]} (24... Nf7 $142 25. Rd7 Nxh6 26. Rxa7 Ng4 27. Bxg4 Rxe1+ 28. Kxe1 fxg4) 25. f4 {[%emt 0:07:31]} Nf7 {[%emt 0:04:48]} 26. Rd7 {[%emt 0:00:04]} Re4 {[%emt 0:02:09]} 27. Bf3 {[%emt 0:01:43]} ({Not} 27. Rxa7 Rce8 $16) 27... Rxe1+ {[%emt 0:08:06]} 28. Kxe1 {[%emt 0:00:03] [#] Black must now prevent Bd5.} Nxh6 {[%emt 0:00:13]} 29. Rxa7 {[%emt 0:01:42][%mdl 4096] Endgame KRB-KRN} Ng4 {[%emt 0:01:23]} (29... Rb8 $142 30. b4 Ng4) 30. Rb7 {[%emt 0:03:03]} Re8+ {[%emt 0:02:36]} 31. Kd2 {[%emt 0:00:29]} Ra8 {[%emt 0:00:18]} 32. Bd5+ {[%emt 0:00:17]} Kf8 {[%emt 0:00:04]} 33. a4 {[%emt 0:01:28][%cal Ba2a4,Ba4b5,Bb5b6][%mdl 32]} Ra6 {[%emt 0:00:51]} 34. Rxh7 {[%emt 0:01:25]} b5 {[%emt 0:00:27]} 35. axb5 {[%emt 0:00:25]} Ra2+ {[%emt 0:00:24]} 36. Kc3 {[%emt 0:01:01]} Ne3 {[%emt 0:00:19]} 37. b6 {[%emt 0:01:25] Weighted Error Value: White=0.10 (very precise) /Black=0.72} 1-0

[Event "Swedish Elitserien 2021-22"]
[Site "Sodertalje"]
[Date "2022.05.14"]
[Round "8.23"]
[White "Grandell, Anders"]
[Black "Trost, Edvin"]
[Result "*"]
[WhiteElo "2275"]
[BlackElo "2366"]
[Annotator "TA"]
[PlyCount "27"]
[EventDate "2022.05.13"]
[EventType "team-tourn"]
[EventCountry "SWE"]
[SourceTitle "playchess.com"]
[Source "ChessBase"]
[SourceQuality "1"]

{[%evp 7,7,-14]} 1. d4 {[%emt 0:00:01]} d5 {[%emt 0:00:24]} 2. c4 {[%emt 0:00:04]} c6 {[%emt 0:00:05]} 3. Nc3 {[%emt 0:00:09]} dxc4 {[%emt 0:00:59]} 4. g3 {[%emt 0:02:16] [#] An uneventful encounter.} {Predecessor:} Nf6 $146 5. Bg2 e6 6. Nf3 {E04: Open Catalan: 5 Nf3.} Bd6 7. O-O O-O 8. a4 Nbd7 9. Nd2 Nb6 10. a5 Nbd5 11. e4 Nxc3 12. bxc3 Bc7 13. Nxc4 Qe7 14. Ba3 {½-½ (56) Mustafayev,F (2299)-Toncheva,N (2197) Chess.com INT 2021} *

[Event "Swedish Elitserien 2021-22"]
[Site "Sodertalje"]
[Date "2022.05.14"]
[Round "8.24"]
[White "Hillarp Persson, Tiger"]
[Black "Lokander, Martin"]
[Result "1/2-1/2"]
[WhiteElo "2512"]
[BlackElo "2469"]
[Annotator "TA"]
[PlyCount "66"]
[EventDate "2022.05.13"]
[EventType "team-tourn"]
[EventCountry "SWE"]
[SourceTitle "playchess.com"]
[Source "ChessBase"]
[SourceQuality "1"]

{[%evp 9,66,-17,-15,-8,-8,-8,-4,-28,-12,-28,-9,-31,-42,-48,-33,-46,-29,-19,0,0,0,-10,22,-34,0,0,33,25,15,0,14,14,11,-5,54,29,80,72,88,27,37,0,0,0,0,0,0,-20,-6,-8,-12,-12,34,9,10,-43,-36,-53,-32]} 1. Nf3 {[%emt 0:00:02]} d5 {[%emt 0:05:47]} 2. g3 {[%emt 0:00:33]} g6 {[%emt 0:03:44]} 3. c4 {[%emt 0:00:42]} dxc4 {[%emt 0:00:46]} 4. Na3 {[%emt 0:00:08]} Bg7 {[%emt 0:01:00]} 5. Nxc4 {[%emt 0:00:10]} Nc6 {[%emt 0:02:45]} 6. d3 {[%emt 0:04:44] A09: Réti Opening: 1 Nf3 d5 2 c4.} e5 {[%emt 0:01:02][%cal Oe5e4]} 7. Bd2 {[%emt 0:00:22]} Nge7 {[%emt 0:02:50]} 8. Bg2 {[%emt 0:02:24] The position is equal.} Be6 {[%emt 0:01:58]} 9. Bc3 {[%emt 0:10:31][%cal Rc4e5]} f6 {[%emt 0:01:01]} 10. b3 {[%emt 0:02:26]} Qd7 {[%emt 0:04:35] [#]} 11. h4 $146 {[%emt 0:00:33]} ({Predecessor:} 11. O-O Bh3 12. Rc1 h5 13. b4 h4 14. b5 Nd4 15. Bxd4 Bxg2 16. Kxg2 exd4 17. Nxh4 Qxb5 {½-½ (62) Markowski,T (2550)-Greenfeld,A (2581) Leon 2001}) 11... h6 {[%emt 0:08:25]} 12. Rc1 {[%emt 0:02:35]} Rd8 {[%emt 0:02:10]} 13. Bb2 {[%emt 0:00:29]} Bd5 {[%emt 0:07:49]} 14. Ne3 {[%emt 0:04:37]} Be6 {[%emt 0:00:03]} 15. Qc2 {[%emt 0:00:54]} Nd5 {[%emt 0:08:04]} 16. Nc4 {[%emt 0:00:15]} (16. Qc5 $11) 16... Ndb4 {[%emt 0:05:10]} 17. Qb1 {[%emt 0:04:22]} Qf7 {[%emt 0:05:54]} 18. a3 {[%emt 0:15:56]} Nd5 {[%emt 0:01:18]} 19. Ncd2 {[%emt 0:00:10]} O-O {[%emt 0:01:18]} 20. b4 {[%emt 0:11:49]} a6 {[%emt 0:07:38]} 21. Ne4 {[%emt 0:04:27]} Nce7 {[%emt 0:01:15]} (21... f5 $11 22. Nc5 Bc8) 22. d4 {[%emt 0:05:26]} Bf5 {[%emt 0:04:15]} (22... f5 $2 {[#]} 23. Neg5 $1 {[%mdl 512]} hxg5 24. Nxg5 $18) (22... exd4 $11 {keeps the balance.} 23. Nxd4 Bc8) 23. dxe5 $16 {[%emt 0:00:16]} fxe5 {[%emt 0:00:28]} 24. O-O {[%emt 0:00:19]} (24. Bxe5 $16 Nc6 25. Bxg7 Qxg7 26. Nfd2) 24... Nc6 $11 {[%emt 0:01:00]} 25. e3 {[%emt 0:06:23][%cal Be2e3,Be3e4][%mdl 32]} (25. Rxc6 $5 bxc6 26. Nxe5 Bxe5 27. Bxe5 $11) 25... Nf6 {[%emt 0:05:08]} 26. Nxf6+ {[%emt 0:04:11]} Bxf6 {[%emt 0:02:35]} 27. e4 {[%emt 0:01:55]} Bg4 {[%emt 0:00:59]} 28. Qc2 {[%emt 0:00:47]} Rd7 {[%emt 0:03:06]} 29. Nh2 {[%emt 0:01:22]} Be6 {[%emt 0:00:19]} 30. Qe2 {[%emt 0:00:21]} Nd4 {[%emt 0:02:47]} (30... g5 $11 {is more appropriate.}) 31. Bxd4 $14 {[%emt 0:01:09]} Rxd4 {[%emt 0:00:06]} 32. Ng4 {[%emt 0:01:26]} (32. Rfd1 $11) 32... Bg7 $15 {[%emt 0:00:59]} 33. Ne3 {[%emt 0:00:20][%cal Oh4h5] Inhibits Bc4.} c6 {[%emt 0:00:41] Weighted Error Value: White=0.15 (very precise) /Black=0.14 (very precise)} 1/2-1/2

[Event "Swedish Elitserien 2021-22"]
[Site "Sodertalje"]
[Date "2022.05.14"]
[Round "8.25"]
[White "Hauge, Lars Oskar"]
[Black "Golubka, Petro"]
[Result "1/2-1/2"]
[WhiteElo "2528"]
[BlackElo "2380"]
[Annotator "TA"]
[PlyCount "54"]
[EventDate "2022.05.13"]
[EventType "team-tourn"]
[EventCountry "SWE"]
[SourceTitle "playchess.com"]
[Source "ChessBase"]
[SourceQuality "1"]

{[%evp 17,54,46,70,42,45,38,53,37,60,58,51,14,18,22,33,0,0,7,26,22,17,17,29,0,-29,-56,-11,-27,0,0,0,0,0,-6,0,0,0,-29,-16]} 1. e4 {[%emt 0:00:13]} e6 {[%emt 0:06:13]} 2. d4 {[%emt 0:02:11]} d5 {[%emt 0:00:08]} 3. Nc3 {[%emt 0:00:04]} dxe4 {[%emt 0:00:06]} 4. Nxe4 {[%emt 0:00:15]} Bd7 {[%emt 0:00:02]} 5. Nf3 {[%emt 0:01:42]} Bc6 {[%emt 0:00:05]} 6. Bd3 {[%emt 0:00:57][%cal Bf1d3,Bd3e4,Be4c2][%mdl 32]} Bxe4 {[%emt 0:00:36]} 7. Bxe4 {[%emt 0:00:26]} c6 {[%emt 0:00:04]} 8. c3 {[%emt 0:02:46]} Nf6 {[%emt 0:00:05]} 9. Bc2 {[%emt 0:00:09]} Nbd7 {[%emt 0:00:04]} 10. O-O {[%emt 0:00:45] C10: French with 3 Nc3: Unusual Black 3rd moves and 3...dxe4.} Bd6 {[%emt 0:00:09]} 11. Re1 {[%emt 0:01:07]} Qc7 {[%emt 0:00:35]} 12. Qe2 {[%emt 0:05:26] White is slightly better.} O-O {[%emt 0:06:45]} 13. Bg5 {[%emt 0:09:32]} Bf4 {[%emt 0:14:13] [#]} 14. Bxf6 $146 {[%emt 0:04:47]} ({Predecessor:} 14. Bh4 g6 15. Ne5 Bh6 16. Nd3 Nh5 17. Qf3 Bg7 18. Rad1 Rfe8 19. a3 a5 20. Re2 {½-½ (31) Maksimenko,A (2469)-Rozentalis,E (2553) Austria 2015}) 14... Nxf6 {[%emt 0:00:02]} 15. Ne5 {[%emt 0:00:10]} Rad8 {[%emt 0:03:15]} 16. Qf3 {[%emt 0:07:56]} Bxe5 {[%emt 0:09:48]} 17. dxe5 {[%emt 0:01:26]} Nd7 {[%emt 0:00:29][%cal Bf6d7,Bd7e5,Be5c4][%mdl 32]} 18. Qe4 {[%emt 0:02:09][%csl Gc2][%cal Re4h7] [#]} g6 {[%emt 0:00:09]} 19. h4 {[%emt 0:02:27][%cal Bh2h4,Bh4h5][%mdl 32]} Qb6 {[%emt 0:01:42]} 20. h5 {[%emt 0:10:06]} Qxb2 {[%emt 0:05:41]} 21. Rac1 {[%emt 0:13:12][%cal Ba1c1,Bc1b1,Bb1b7][%mdl 32]} Qa3 {[%emt 0:01:24]} 22. Qg4 {[%emt 0:11:26][%cal Rh5g6]} Nxe5 {[%emt 0:11:04]} 23. Qg3 {[%emt 0:00:20]} Rd5 {[%emt 0:05:49]} 24. Rb1 $1 {[%emt 0:01:16]} Qd6 {[%emt 0:08:25] next ...Nc4 is good for Black.} (24... Qxa2 $2 25. Bb3 Qxb1 26. Rxb1 $18) 25. Rxb7 {[%emt 0:01:38]} Nc4 {[%emt 0:05:29]} 26. hxg6 {[%emt 0:00:56]} hxg6 {[%emt 0:07:00]} 27. Qg4 {[%emt 0:01:22] [#] Bxg6 would kill now.} Ne5 {[%emt 0:01:02] Weighted Error Value: White=0.10 (very precise) /Black=0.10 (very precise)} 1/2-1/2

[Event "Swedish Elitserien 2021-22"]
[Site "Sodertalje"]
[Date "2022.05.14"]
[Round "8.26"]
[White "Solodovnichenko, Yuri"]
[Black "Ertan, Can"]
[Result "1/2-1/2"]
[WhiteElo "2499"]
[BlackElo "2381"]
[Annotator "TA"]
[PlyCount "105"]
[EventDate "2022.05.13"]
[EventType "team-tourn"]
[EventCountry "SWE"]
[SourceTitle "playchess.com"]
[Source "ChessBase"]
[SourceQuality "1"]

{[%evp 12,105,15,8,14,11,16,10,10,10,8,12,9,0,13,13,33,36,35,35,35,28,37,35,48,52,67,57,57,59,59,54,57,54,56,56,59,53,55,45,72,56,58,58,64,56,57,41,52,43,61,4,4,8,8,0,0,0,0,0,0,0,25,0,5,5,5,5,5,5,5,5,5,5,16,0,0,0,0,0,16,4,4,5,5,0,6,0,0,0,0,0,0,0,0,0]} 1. e4 {[%emt 0:00:06]} e5 {[%emt 0:00:05]} 2. Nf3 {[%emt 0:00:07]} Nc6 {[%emt 0:00:03]} 3. d4 {[%emt 0:02:25]} exd4 {[%emt 0:00:16]} 4. Nxd4 {[%emt 0:00:06]} Nf6 {[%emt 0:00:52]} 5. Nxc6 {[%emt 0:00:16]} bxc6 {[%emt 0:00:04]} 6. Bd3 {[%emt 0:00:48]} d5 {[%emt 0:00:46]} 7. Qe2 dxe4 {[%emt 0:13:50] And now ...Bg4 would win. C45: Scotch Game.} 8. Nc3 {[%emt 0:00:16]} Bb4 {[%emt 0:01:34] [#] Strongly threatening ...Bg4.} 9. Bxe4 {[%emt 0:00:13]} Bxc3+ {[%emt 0:04:57]} (9... Nxe4 {feels hotter.} 10. Qxe4+ Qe7 11. Qxe7+ Kxe7 12. Bd2 f6) 10. bxc3 {[%emt 0:00:05]} Nxe4 {[%emt 0:00:04]} 11. Qxe4+ {[%emt 0:00:06]} Qe7 {[%emt 0:00:04]} 12. Qxe7+ {[%emt 0:00:06]} Kxe7 {[%emt 0:00:04]} 13. Bf4 {[%emt 0:00:04]} Re8 {[%emt 0:02:19]} 14. O-O-O {[%emt 0:00:30]} Be6 {[%emt 0:00:09]} 15. a3 {[%emt 0:06:00]} Bd5 {[%emt 0:12:20] [#]} 16. Rhg1 $146 {[%emt 0:13:55]} ({Predecessor:} 16. f3 Kf8 17. Bxc7 Re2 18. Rd2 Rae8 19. Bd6+ Kg8 20. Rhd1 f6 21. Kb2 h5 22. h4 {½-½ (33) Solodovnichenko,Y (2546)-Fressinet,L (2638) Chalons en Champagne 2021}) 16... Rac8 {[%emt 0:00:53]} 17. Rd4 {[%emt 0:00:45]} Kf6 {[%emt 0:00:37]} 18. Be3 {[%emt 0:03:16]} Ra8 {[%emt 0:07:06]} 19. Rf4+ {[%emt 0:01:52]} Ke7 {[%emt 0:01:01]} 20. c4 {[%emt 0:04:15]} Be6 {[%emt 0:00:22]} 21. Bc5+ {[%emt 0:00:53]} Kd7 {[%emt 0:00:29]} 22. Kd2 {[%emt 0:02:26]} a6 {[%emt 0:12:40]} 23. Rd4+ {[%emt 0:01:55]} Kc8 {[%emt 0:00:18]} 24. Kc3 {[%emt 0:02:09]} h5 {[%emt 0:03:39]} 25. h3 {[%emt 0:03:05]} Rd8 {[%emt 0:11:01]} 26. Rh4 {[%emt 0:02:34]} g6 {[%emt 0:02:51]} 27. Re4 {[%emt 0:04:14]} a5 {[%emt 0:05:35]} 28. Re5 {[%emt 0:02:35]} Re8 {[%emt 0:02:43]} 29. Be3 {[%emt 0:11:14]} Bd7 {[%emt 0:02:26]} 30. Rc5 {[%emt 0:00:52]} Re6 {[%emt 0:04:14]} 31. g4 {[%emt 0:04:27]} (31. Bd4 $14) 31... hxg4 $11 {[%emt 0:00:15]} 32. hxg4 {[%emt 0:00:03]} Re4 {[%emt 0:00:15]} 33. g5 {[%emt 0:00:55]} Rh4 {[%emt 0:00:20]} 34. Rd1 {[%emt 0:02:10]} Rh3 {[%emt 0:04:09]} 35. Re5 {[%emt 0:11:51] [#] Re7 is the strong threat.} Be6 {[%emt 0:00:49]} 36. a4 {[%emt 0:04:00]} Rf3 {[%emt 0:05:17]} 37. Rd4 {[%emt 0:03:02]} Rf5 {[%emt 0:00:15] The position is equal.} 38. Rde4 {[%emt 0:00:14]} Rxe5 {[%emt 0:03:27]} 39. Rxe5 {[%emt 0:00:04][%mdl 4096] Endgame KRB-KRB} Kb7 {[%emt 0:00:26]} 40. Rc5 {[%emt 0:01:17]} Ra6 {[%emt 0:00:38]} 41. f4 {[%emt 0:02:38]} Ra8 {[%emt 0:02:32]} 42. Bd4 {[%emt 0:00:08]} Ra6 {[%emt 0:00:30]} 43. Kd3 {[%emt 0:01:58]} Bf5+ {[%emt 0:00:10]} 44. Kd2 {[%emt 0:00:06]} Ra8 {[%emt 0:00:41]} 45. Kc3 {[%emt 0:00:55]} Bd7 {[%emt 0:02:45]} 46. Kb3 {[%emt 0:02:56]} Ka6 {[%emt 0:01:15]} 47. Ka3 {[%emt 0:03:48]} Kb7 {[%emt 0:00:55]} 48. Kb2 {[%emt 0:01:58]} Ka6 {[%emt 0:00:12]} 49. Kc1 {[%emt 0:00:09]} Re8 {[%emt 0:01:14]} 50. Kd2 {[%emt 0:02:55]} Re4 {[%emt 0:02:07][%csl LRd4,LRf4]} 51. Be3 {[%emt 0:00:31]} Re8 {[%emt 0:00:31]} 52. Ke2 {[%emt 0:01:50]} Kb6 {[%emt 0:00:51][%cal Oe8e3] Threatens to win with ...Rxe3+!} 53. Re5+ {[%emt 0:04:34] Weighted Error Value: White=0.05 (flawless) /Black=0.04 (flawless)} 1/2-1/2